000
00325nam a22001337a 4500
008
180216b xxu||||| |||| 00| 0 eng d
020
_a
9783319195230
041
_a
eng
080
_a
61
100
_a
4
101
_a
SHM
245
_a
Diagnosis and treatment of gastroesophageal reflux disease
_c
Vaezi,M.F
942
_2
udc
_c
BK
999
_c
42741
_d
42741